Gæt byen ud fra Vejnettet - Statistics

General Stats
  • This quiz has been taken 38 times
  • The average score is 5 of 10
Answer Stats
Picture Answer % Correct
Aarhus
100%
Esbjerg
75%
Aalborg
68%
Helsingør
68%
Vejle
64%
Roskilde
50%
Nyborg
43%
Hillerød
18%
Holbæk
18%
Svendborg
18%
No matching quizzes found
Score Distribution
Percent of People with Each Score
Percentile by Number Answered
Your Score History
You have not taken this quiz